000 00618njm a2200181 i 4500
001 C2-0218228
003 PPAK
005 20180729152113.0
008 990722s1990 my |||| ||||| | may d
040 _aPPAK
_beng
_cPPAK
_erda
245 0 0 _aYTM Tunku Yaakob Ibni Almarhum Sultan Abd. Hamid
264 1 _aAlor Setar, Kedah :
_bPerbadanan Perpustakaan Awam Kedah ,
_c1990
336 _2rdacontent
_atext
337 _2rdamedia
_aunmediated
338 _2rdacarrier
_avolume
500 _aDirakam pada 17/5/90 ; Mempunyai transkripsi ; Temubual dengan YTM Tunku Yaakob Ibni Almarhum Sultan Abd. Hamid
942 _ddc
_cB
999 _c163139
_d163139